000 00579nam a22001937a 4500
005 20251108172953.0
008 250721s2005 xx 000 0 ara d
082 1 4 _a372.21/ جمع
100 1 _aجمعة، بسام
_eمؤلف
245 1 0 _aطرق تدريس الطفل /
264 1 _aعمان :
_bدار البداية للنشر و التوزيع،
_c2005.
300 _a116ص.
650 1 7 _aالتعليم الأساسي
650 1 7 _aمدارس الحضانة
650 1 7 _aرياض الأطفال
650 1 7 _aالتدريس
942 _2ddc
_cBK
999 _c93054
_d93054